| 000 | 00578nam a2200181 i 4500 | ||
|---|---|---|---|
| 001 | 150955 | ||
| 003 | ES-MaACL | ||
| 005 | 20230906203755.0 | ||
| 007 | t| | ||
| 008 | 071114q18501899fr ||||1| fre d | ||
| 100 | 0 |
_aErckmann-Chatrian. _947367 |
|
| 245 | 1 | 0 |
_aHistoire du plébiscite / _cracontée par un des 7.500.000 oui [par Erckmann-Chatrian]. |
| 260 |
_a[Paris? : _bJ. Hetzel?, _c18--?] |
||
| 300 |
_a126 p. : _bil. ; _c28 cm. |
||
| 500 | _aTexto a dos columnas. | ||
| 500 | _aEjemplar sin portada. | ||
| 852 |
_aES-MaACL _jC-1919(4) _q. - Encuadernado con otras obras |
||
| 999 |
_c150955 _d150955 |
||